| 000 | 00643nam a22002293a 4500 | ||
|---|---|---|---|
| 005 | 20231101063648.0 | ||
| 008 | 010531s1999 mx fr 000 0 spa d | ||
| 020 | _a97018 | ||
| 035 | _aUPN01000116905 | ||
| 049 | _aI | ||
| 050 | 4 |
_aPQ7297 S22 _bL8 1999 |
|
| 100 | 1 |
_aSabines, Jaime, _d1925-1999 _928030 |
|
| 245 | 1 | 3 |
_aLa luna / _cil. de Luis Manuel Serrano. |
| 250 | _a4a ed. | ||
| 260 |
_aMéxico : _bCIDCLI : _bCNCA, Dirección General de Publicaciones, _c1999. |
||
| 300 |
_a[21] p. : _bil. col. |
||
| 440 | 0 |
_aReloj de versos ; _v3 |
|
| 650 | 4 |
_aPoesía mexicana _91273 |
|
| 901 | _a184921 | ||
| 902 | _aCAA/npd | ||
| 905 | _aInfantil | ||
| 999 |
_c89547 _d89547 |
||